000 01201nam a2200349 i 4500
001 25397
003 KOSZ 005
005 20201216102905.0
008 071220s1971 pl a f 001 0 pol
015 _aPB 1971/9557
035 _a(OCoLC)749450705
040 _aWA N
_cWA N
_dKOSZ 005/KK
_dKOSZ 005/HR
046 _k1971
080 _a54-3
100 1 _aGórski, Andrzej
_d(1920-2017)
_eAutor
245 1 0 _aWspółczesne systemy klasyfikacji związków chemicznych /
_cAndrzej Górski.
260 _aWarszawa :
_bPaństwowe Wydawnictwo Naukowe,
_c1971.
300 _a252, [3] strony, [7] tablice :
_bilustracje, errata ;
_c23 cm.
336 _2rdacontent
_aTekst
_btxt
337 _2rdamedia
_aBez urządzenia pośredniczącego
_bn
338 _2rdacarrier
_aWolumin
_bnc
380 _aKsiążki
388 _a1901-2000
388 _a1945-1989
504 _aBibliografia na stronach 247-[248]. Indeks.
650 4 _aChemia
650 4 _aKlasyfikacja
658 _aChemia
710 _aPaństwowe Wydawnictwo Naukowe
_4pbl.
856 _uhttp://koha.tu.koszalin.pl/cgi-bin/koha/opac-detail.pl?biblionumber=25397
_yKatalog online BPK
942 _2UKD
_cKS
999 _c25397
_d25397